| 000 | 00878nam a2200241 i 4500 | ||
|---|---|---|---|
| 005 | 20160107053159.0 | ||
| 008 | 160107b2002 ck ||||| |||| 00| 0 spa d | ||
| 040 |
_aCO-BoIAVH _cCO-BoIAVH |
||
| 041 | 0 | _aspa | |
| 044 | _ack | ||
| 082 | 0 | 4 |
_a333.956 _bA31p |
| 100 | 1 | _aAjiaco Martínez, Rosa Elena | |
| 245 |
_aPeces ornamentales : _bmanejo y prevención de enfermedades / _cRosa Helena Ajiaco Martínez, Hernando Ramíres Gil Ph. D. |
||
| 260 |
_aVillavicencio _bINPA : _bCORPOAMAZONIA : _bASOPESCAM : _c[Sin fecha de publicación] |
||
| 300 |
_a25 página ; _c24 cm. |
||
| 650 | 1 | 4 | _aPeces ornamentales |
| 650 | 2 | 4 |
_aIndustria pesquera _xAdministración |
| 650 | 2 | 4 |
_aPesca _xAdministración |
| 650 | 2 | 4 | _aAcuicultura |
| 650 | 2 | 4 |
_aPeces _xEnfermedades |
| 700 | 1 |
_aRamírez Gil, Hernando _eautor |
|
| 942 |
_cLIBRO _2ddc |
||
| 999 |
_c3081 _d3081 |
||